[Event "37. Open Barberá del Vallés 2014"]
[Site "Barberá del Vallés ESP"]
[Date "2014.07.06"]
[Round "3.33"]
[White "Anguera Maestro, Jaime"]
[Black "Masferrer Niubo, Enric"]
[Result "1/2-1/2"]
[WhiteElo "2179"]
[BlackElo "1996"]
[PlyCount "160"]
[EventDate "2014.07.04"]
[EventType "swiss"]
[EventRounds "9"]
[EventCountry "ESP"]
[Source "lmi"]
[SourceDate "2014.07.04"]

1. d4 Nf6 2. c4 g6 3. Nc3 Bg7 4. e4 d6 5. f3 Nc6 6. Be3 a6 7. Bd3 Nd7 8. Nge2
e5 9. d5 Nd4 10. O-O O-O 11. Bb1 Nxe2+ 12. Nxe2 b6 13. Qd2 a5 14. Bc2 Ba6 15.
b3 Qe7 16. g4 a4 17. Rac1 axb3 18. axb3 Ra7 19. Nc3 Rfa8 20. Ra1 Nf6 21. Ra2
Bc8 22. Rfa1 Rxa2 23. Rxa2 Rxa2 24. Nxa2 h5 25. g5 Nh7 26. h4 Qd7 27. Qg2 Nf8
28. Nc3 Qd8 29. b4 Bd7 30. Bd3 Be8 31. Qa2 f6 32. c5 bxc5 33. bxc5 fxg5 34.
hxg5 Nh7 35. Qg2 Bf8 36. c6 Be7 37. Nb5 Nxg5 38. Nxc7 Nxf3+ 39. Qxf3 Qxc7 40.
Qh3 Bd8 41. Qe6+ Bf7 42. Qh3 Be8 43. Bf1 Qe7 44. Qg3 g5 45. Qf2 Qc7 46. Qf5 Qf7
47. Qc8 Qf3 48. Bf2 Qg4+ 49. Qxg4 hxg4 50. Ba7 Bc7 51. Be3 Kg7 52. Bxg5 Kg6 53.
Be7 Kf7 54. Bh4 Kg6 55. Kg2 Kh5 56. Be7 Bg6 57. Bd3 Kh6 58. Kg3 Bh5 59. Bh4 Kg7
60. Bg5 Kg6 61. Be3 Kf7 62. Kh4 Kg6 63. Bg5 g3 64. Be3 g2 65. Kg3 Bd1 66. Kxg2
Kh5 67. Kg3 Bg4 68. Ba7 Bd1 69. Bf1 Kg5 70. Bh3 Bc2 71. Bf5 Bd3 72. Be3+ Kh5
73. Kf3 Ba5 74. Bc1 Bc7 75. Ke3 Bf1 76. Kd2 Ba6 77. Kc3 Kh4 78. Bd2 Kg3 79. Kb4
Bd3 80. Kc3 Ba6 1/2-1/2

[Event "37. Open Barberá del Vallés 2014"]
[Site "Barberá del Vallés ESP"]
[Date "2014.07.06"]
[Round "3.34"]
[White "Castillo Escario, Yolanda"]
[Black "Raghunandan, Kaumandur Srihari"]
[Result "0-1"]
[WhiteElo "2029"]
[BlackElo "2148"]
[PlyCount "122"]
[EventDate "2014.07.04"]
[EventType "swiss"]
[EventRounds "9"]
[EventCountry "ESP"]
[Source "lmi"]
[SourceDate "2014.07.04"]

1. e4 c5 2. Nf3 d6 3. Bb5+ Bd7 4. Bxd7+ Qxd7 5. O-O Nc6 6. b3 Nf6 7. Re1 g6 8.
Bb2 Bg7 9. c3 O-O 10. d4 cxd4 11. cxd4 d5 12. e5 Ne4 13. Nc3 Nxc3 14. Bxc3 Rfc8
15. Rc1 Nd8 16. Qd2 Rc6 17. Bb4 Rac8 18. Rc5 Rxc5 19. Bxc5 Nc6 20. h3 Qf5 21.
Ba3 h6 22. Rc1 g5 23. Qe2 a6 24. Qc2 Qxc2 25. Rxc2 e6 26. Kf1 f6 27. exf6 Bxf6
28. Ne5 Bxe5 29. dxe5 Kf7 30. Ke1 Kg6 31. g4 h5 32. Bd6 hxg4 33. hxg4 Rh8 34.
Rc3 Rh1+ 35. Kd2 Ra1 36. a3 Ra2+ 37. Ke1 Nd4 38. Kf1 Ra1+ 39. Kg2 Ne2 40. Rc8
Rg1+ 41. Kf3 Nd4+ 42. Ke3 Rxg4 43. Rg8+ Kf7 44. Rf8+ Kg7 45. f3 Rh4 46. Rb8
Nf5+ 47. Ke2 b5 48. Rb7+ Kg6 49. Bc5 Rh2+ 50. Kd3 Rh3 51. Ke2 Nh4 52. Rb6 Kf5
53. Bd6 Nxf3 54. Rxa6 Nd4+ 55. Kf2 Rxb3 56. Ra8 g4 57. Rg8 g3+ 58. Kg2 Ne2 59.
Rf8+ Ke4 60. Rg8 Nf4+ 61. Kf1 Rb1# 0-1

[Event "37. Open Barberá del Vallés 2014"]
[Site "Barberá del Vallés ESP"]
[Date "2014.07.06"]
[Round "3.35"]
[White "Martinez Pla, Xavier"]
[Black "Bernat, Ernest"]
[Result "1/2-1/2"]
[WhiteElo "1881"]
[BlackElo "2101"]
[PlyCount "108"]
[EventDate "2014.07.04"]
[EventType "swiss"]
[EventRounds "9"]
[EventCountry "ESP"]
[Source "lmi"]
[SourceDate "2014.07.04"]

1. e4 c5 2. Nf3 d6 3. Bb5+ Bd7 4. Bxd7+ Nxd7 5. O-O Ngf6 6. Qe2 e6 7. b3 Be7 8.
Bb2 O-O 9. c4 Qc7 10. Nc3 a6 11. d4 cxd4 12. Nxd4 Rfe8 13. Rad1 Rac8 14. f4 h6
15. Kh1 Bf8 16. Nf3 Rcd8 17. Rg1 h5 18. h3 g6 19. g4 hxg4 20. hxg4 Bg7 21. Rg3
Nf8 22. Kg2 d5 23. e5 Ne4 24. Nxe4 dxe4 25. Nd4 g5 26. Qxe4 gxf4 27. Qxf4 Ng6
28. Qe4 Qxe5 29. Qxe5 Bxe5 30. Re3 Bg7 31. Ree1 Rd7 32. Rd2 Red8 33. Red1 Ne5
34. Nf3 Rxd2+ 35. Rxd2 Rxd2+ 36. Nxd2 Nxg4 37. Bxg7 Kxg7 38. Ne4 b6 39. c5 bxc5
40. Nxc5 a5 41. Nb7 Kf6 42. Nxa5 Ke5 43. Kf3 Nf6 44. Nc6+ Kd6 45. Nd8 Ke7 46.
Nb7 Kd7 47. a4 Kc7 48. Nc5 Kc6 49. Ne4 Nxe4 50. Kxe4 Kc5 51. a5 Kb5 52. b4 f6
53. Kd4 f5 54. Ke5 Ka6 1/2-1/2

[Event "37. Open Barberá del Vallés 2014"]
[Site "Barberá del Vallés ESP"]
[Date "2014.07.06"]
[Round "3.36"]
[White "Tadevosyan, Galust"]
[Black "Vigo Allepuz, David"]
[Result "1-0"]
[WhiteElo "1843"]
[BlackElo "2085"]
[PlyCount "65"]
[EventDate "2014.07.04"]
[EventType "swiss"]
[EventRounds "9"]
[EventCountry "ESP"]
[Source "lmi"]
[SourceDate "2014.07.04"]

1. e4 e6 2. d4 d5 3. Nc3 Bb4 4. e5 c5 5. a3 Ba5 6. b4 cxd4 7. Qg4 Ne7 8. bxa5
dxc3 9. Qxg7 Rg8 10. Qxh7 Qxa5 11. Nf3 Qc7 12. Bf4 Nbc6 13. Bb5 Bd7 14. O-O
O-O-O 15. Bxc6 Nxc6 16. Bg3 Rdf8 17. Qd3 Qa5 18. Rfb1 Rg4 19. Rb5 Qa6 20. Rab1
Qxa3 21. R5b3 Qa2 22. Rxb7 Rc4 23. Qd1 Qa6 24. R7b3 Qa5 25. Rb5 Qa4 26. R5b3
Qa5 27. Bh4 Re8 28. Bf6 Ra4 29. h4 d4 30. h5 Qd5 31. Qd3 Qc5 32. h6 Qf8 33. Qb5
1-0

[Event "37. Open Barberá del Vallés 2014"]
[Site "Barberá del Vallés ESP"]
[Date "2014.07.06"]
[Round "3.37"]
[White "Menac Comas, Joan Ramon"]
[Black "Colom Andres, Xavier"]
[Result "0-1"]
[WhiteElo "2147"]
[BlackElo "1905"]
[PlyCount "128"]
[EventDate "2014.07.04"]
[EventType "swiss"]
[EventRounds "9"]
[EventCountry "ESP"]
[Source "lmi"]
[SourceDate "2014.07.04"]

1. c4 c5 2. Nc3 Nc6 3. g3 g6 4. Bg2 Bg7 5. a3 Nf6 6. Rb1 a5 7. e3 d6 8. Nge2
O-O 9. O-O Rb8 10. b3 Bg4 11. h3 Bd7 12. Bb2 Ne8 13. d3 Nc7 14. Qd2 e6 15. d4
cxd4 16. exd4 Ne7 17. Kh2 d5 18. c5 b6 19. Ba1 bxc5 20. dxc5 Na6 21. Rfc1 Nxc5
22. Nxd5 Bxa1 23. Rxc5 Nxd5 24. Bxd5 Qb6 25. Qxa5 Bf6 26. Qxb6 Rxb6 27. Bg2 Bb5
28. Nf4 Be7 29. Rxb5 Rxb5 30. a4 Ra5 31. Bc6 Rc5 32. Bb5 Rd8 33. Bc4 Rd2 34.
Kg2 g5 35. Nh5 Rf5 36. Rf1 Bc5 37. g4 Rfxf2+ 38. Rxf2 Rxf2+ 39. Kg3 Bb6 40. a5
Ba7 41. a6 Kf8 42. h4 h6 43. Kh3 Bb8 44. Ng3 Rf3 45. a7 Bxa7 46. Kg2 Rf2+ 47.
Kh1 Rf4 48. hxg5 hxg5 49. Be2 Rf2 50. Bc4 Ke7 51. Ne4 Rf4 52. Nxg5 Rxg4 53. Nf3
f6 54. Kh2 Bb8+ 55. Kh1 Kd6 56. Be2 Kc5 57. Nd2 Rh4+ 58. Kg2 Rh2+ 59. Kf3 f5
60. Nf1 Rh3+ 61. Kf2 Rxb3 62. Nd2 Rb2 63. Nf3 Kd5 64. Ne1 Bg3+ 0-1

[Event "37. Open Barberá del Vallés 2014"]
[Site "Barberá del Vallés ESP"]
[Date "2014.07.06"]
[Round "3.38"]
[White "Jimenez Ruano, Adrian"]
[Black "Messina, Roberta"]
[Result "0-1"]
[WhiteElo "1851"]
[BlackElo "2057"]
[PlyCount "92"]
[EventDate "2014.07.04"]
[EventType "swiss"]
[EventRounds "9"]
[EventCountry "ESP"]
[Source "lmi"]
[SourceDate "2014.07.04"]

1. d4 d5 2. c4 e6 3. Nf3 c6 4. Nc3 dxc4 5. a4 Bb4 6. e3 b5 7. Bd2 a5 8. axb5
Bxc3 9. Bxc3 cxb5 10. b3 Bb7 11. bxc4 b4 12. Bb2 Nf6 13. Bd3 Nbd7 14. O-O O-O
15. Re1 Qc7 16. e4 e5 17. Nxe5 Nxe5 18. dxe5 Nd7 19. f4 Nc5 20. Bc2 Rfd8 21.
Qg4 Rd7 22. Re2 Rad8 23. Rf1 Ba6 24. e6 fxe6 25. Rff2 Rd1+ 26. Bxd1 Rxd1+ 27.
Rf1 Rxf1+ 28. Kxf1 Bxc4 29. Kf2 Bxe2 30. Kxe2 Qd7 31. Qf3 a4 32. g4 Qb5+ 33.
Kd2 Qc6 34. Ke3 a3 35. Bd4 b3 36. Qg2 Qxe4+ 37. Qxe4 Nxe4 38. Kd3 b2 39. Kc2
Nd2 40. Bxb2 axb2 41. Kxb2 Nf3 42. h3 Ng1 43. h4 Nh3 44. f5 exf5 45. gxf5 Kf7
46. Kc2 Kf6 0-1

[Event "37. Open Barberá del Vallés 2014"]
[Site "Barberá del Vallés ESP"]
[Date "2014.07.06"]
[Round "3.39"]
[White "Orteu Capdevila, Max"]
[Black "Nadal Fajardo, Ricard"]
[Result "1-0"]
[WhiteElo "1808"]
[BlackElo "1999"]
[PlyCount "135"]
[EventDate "2014.07.04"]
[EventType "swiss"]
[EventRounds "9"]
[EventCountry "ESP"]
[Source "lmi"]
[SourceDate "2014.07.04"]

1. e4 c6 2. Nc3 d5 3. Nf3 Bg4 4. h3 Bxf3 5. Qxf3 dxe4 6. Nxe4 Nd7 7. Ng5 Ngf6
8. Qb3 e6 9. Qxb7 Be7 10. Nf3 O-O 11. Be2 Nc5 12. Qxc6 Rc8 13. Qb5 Rb8 14. Qc4
Rb4 15. Qxb4 Nd3+ 16. Bxd3 Bxb4 17. O-O Nd5 18. c3 Nf4 19. Bc2 Bd6 20. d4 Qb8
21. Bxf4 Bxf4 22. b3 Rc8 23. c4 a5 24. Rab1 Qb4 25. g3 Bh6 26. Kg2 g6 27. a4
Rb8 28. Rfd1 Qc3 29. Be4 Rxb3 30. Rd3 Qxd3 31. Bxd3 Rxd3 32. Rb5 Bd2 33. Nxd2
Rxd2 34. d5 exd5 35. cxd5 Rd4 36. Rxa5 Kf8 37. Kf3 Ke7 38. Ke3 Rb4 39. Ra7+ Kf6
40. d6 Rb6 41. d7 Rd6 42. a5 Ke7 43. d8=Q+ Kxd8 44. Rxf7 Ra6 45. Rxh7 Rxa5 46.
Rh6 Ra6 47. h4 Ke7 48. h5 Ra3+ 49. Kf4 gxh5 50. Rxh5 Kf6 51. Rh6+ Kf7 52. Kg4
Kg7 53. Re6 Kf7 54. Rb6 Kg7 55. f4 Rc3 56. Kh4 Rf3 57. Kg4 Rc3 58. f5 Ra3 59.
Kh4 Ra4+ 60. Kg5 Ra3 61. Rb7+ Kf8 62. g4 Ra4 63. f6 Kg8 64. Kh5 Rc4 65. g5 Rc5
66. Kg6 Rc8 67. Rg7+ Kf8 68. Rh7 1-0

[Event "37. Open Barberá del Vallés 2014"]
[Site "Barberá del Vallés ESP"]
[Date "2014.07.06"]
[Round "3.40"]
[White "Simon Del Sol, Jaume"]
[Black "Bekker, Gary"]
[Result "1/2-1/2"]
[WhiteElo "1986"]
[BlackElo "1820"]
[PlyCount "61"]
[EventDate "2014.07.04"]
[EventType "swiss"]
[EventRounds "9"]
[EventCountry "ESP"]
[Source "lmi"]
[SourceDate "2014.07.04"]

1. c4 e5 2. d3 Nc6 3. Nc3 f5 4. Nf3 Nf6 5. g3 Bb4 6. Bd2 O-O 7. Nd5 Bxd2+ 8.
Nxd2 d6 9. Bg2 Be6 10. O-O Rb8 11. e3 Ne7 12. Nxf6+ Rxf6 13. d4 c6 14. dxe5
dxe5 15. Qc2 Qc7 16. Rad1 Rd8 17. Nf3 Ng6 18. Rxd8+ Qxd8 19. Rd1 Qe7 20. Ng5 e4
21. Qc3 h6 22. Nxe6 Rxe6 23. Bh3 Rf6 24. Bf1 Ne5 25. Be2 Rd6 26. Rd4 Qd7 27.
Qd2 Nf7 28. Kg2 c5 29. Rxd6 Qxd6 30. Qxd6 Nxd6 31. b3 1/2-1/2

[Event "37. Open Barberá del Vallés 2014"]
[Site "Barberá del Vallés ESP"]
[Date "2014.07.06"]
[Round "3.41"]
[White "Estepa-Fonseca, Omar Maria"]
[Black "Clanchet Olle, Josep"]
[Result "0-1"]
[WhiteElo "1978"]
[BlackElo "1736"]
[PlyCount "68"]
[EventDate "2014.07.04"]
[EventType "swiss"]
[EventRounds "9"]
[EventCountry "ESP"]
[Source "lmi"]
[SourceDate "2014.07.04"]

1. d4 d5 2. c4 Nf6 3. Nf3 e6 4. g3 c5 5. Bg2 Nc6 6. cxd5 exd5 7. O-O Be6 8. Nc3
cxd4 9. Nxd4 Bc5 10. Nb3 Bb6 11. Bg5 h6 12. Bxf6 Qxf6 13. Qd2 Rd8 14. Na4 O-O
15. Nxb6 axb6 16. Rac1 Rd6 17. Rfd1 Rfd8 18. Nd4 Nxd4 19. Qxd4 Qg6 20. Rc7 R8d7
21. Rxd7 Rxd7 22. Qxb6 Qc2 23. Re1 Rc7 24. e4 Qd2 25. Rf1 Rc1 26. Qb5 d4 27.
Rxc1 Qxc1+ 28. Bf1 Bh3 29. Qe2 Bxf1 30. Qxf1 Qc2 31. Qb5 Qxe4 32. Qc4 b5 33.
Qc1 d3 34. Qe3 Qxe3 0-1

[Event "37. Open Barberá del Vallés 2014"]
[Site "Barberá del Vallés ESP"]
[Date "2014.07.07"]
[Round "4.1"]
[White "Peralta, Fernando"]
[Black "Narciso Dublan, Marc"]
[Result "1-0"]
[WhiteElo "2596"]
[BlackElo "2523"]
[PlyCount "71"]
[EventDate "2014.07.04"]
[EventType "swiss"]
[EventRounds "9"]
[EventCountry "ESP"]
[Source "lmi"]
[SourceDate "2014.07.04"]

1. d4 f5 2. c4 Nf6 3. Nf3 e6 4. Qc2 Bb4+ 5. Bd2 Nc6 6. Nc3 O-O 7. e3 Ne7 8. Bd3
b6 9. a3 Bxc3 10. Bxc3 Bb7 11. Nd2 Bxg2 12. Rg1 Be4 13. Nxe4 fxe4 14. Bxe4 Nxe4
15. Qxe4 Ng6 16. d5 e5 17. d6 Qh4 18. Qxh4 Nxh4 19. dxc7 Nf3+ 20. Ke2 Nxg1+ 21.
Rxg1 d6 22. Bb4 Rf6 23. Rd1 Rf7 24. Bxd6 Rd7 25. Rd5 Kf7 26. Bxe5 Ke6 27. Rb5
Rc8 28. f4 g5 29. a4 g4 30. a5 bxa5 31. Rxa5 h5 32. e4 h4 33. Ra6+ Kf7 34. Rf6+
Ke8 35. Rh6 Re7 36. c5 1-0

[Event "37. Open Barberá del Vallés 2014"]
[Site "Barberá del Vallés ESP"]
[Date "2014.07.07"]
[Round "4.2"]
[White "Aroshidze, Levan"]
[Black "Oliva Castaneda, Kevel"]
[Result "1-0"]
[WhiteElo "2565"]
[BlackElo "2419"]
[PlyCount "107"]
[EventDate "2014.07.04"]
[EventType "swiss"]
[EventRounds "9"]
[EventCountry "ESP"]
[Source "lmi"]
[SourceDate "2014.07.04"]

1. e4 c5 2. Nf3 d6 3. d4 cxd4 4. Nxd4 Nf6 5. Nc3 g6 6. Be3 Bg7 7. f3 O-O 8. Qd2
Nc6 9. Bc4 Bd7 10. O-O-O Rc8 11. Bb3 Nxd4 12. Bxd4 b5 13. Nd5 Nxd5 14. Bxg7
Kxg7 15. exd5 a5 16. a3 Kg8 17. Rhe1 Rc5 18. Qe3 Qc7 19. Re2 Rb8 20. Rd4 Rc8
21. Rdd2 Re8 22. Qd4 Qa7 23. g4 Rc7 24. Qf4 Kg7 25. h4 h6 26. Rd4 Bc8 27. h5 g5
28. Qd2 b4 29. a4 Ba6 30. Ree4 f6 31. Kb1 Kf7 32. Re1 Rg8 33. Qe3 Rg7 34. Qe4
Qc5 35. Re3 Qb6 36. Ka2 Kf8 37. Re1 Bb7 38. Qd3 Bc8 39. Rde4 Bd7 40. Qe2 Be8
41. Re6 Qb8 42. Qe3 Rb7 43. f4 Qd8 44. fxg5 Rxg5 45. Qe4 Rg7 46. Qf4 Bf7 47.
Qxh6 Bxe6 48. dxe6 Qb6 49. g5 d5 50. gxf6 exf6 51. Bxd5 Rbe7 52. Qh8+ Rg8 53.
Qxf6+ Ke8 54. Qf7+ 1-0

[Event "37. Open Barberá del Vallés 2014"]
[Site "Barberá del Vallés ESP"]
[Date "2014.07.07"]
[Round "4.3"]
[White "Cruz, Filemon"]
[Black "Grigoryan, Karen H"]
[Result "1/2-1/2"]
[WhiteElo "2412"]
[BlackElo "2592"]
[PlyCount "60"]
[EventDate "2014.07.04"]
[EventType "swiss"]
[EventRounds "9"]
[EventCountry "ESP"]
[Source "lmi"]
[SourceDate "2014.07.04"]

1. Nf3 g6 2. c4 Bg7 3. g3 e5 4. Nc3 f5 5. d3 d6 6. Bg2 Nf6 7. Rb1 O-O 8. O-O h6
9. b4 g5 10. Nd2 f4 11. Nde4 Nxe4 12. Nxe4 Nc6 13. Bb2 Bg4 14. Nd2 Rb8 15. b5
Nd4 16. Nf3 Nxf3+ 17. Bxf3 Bh3 18. Bg2 Bxg2 19. Kxg2 g4 20. f3 Qg5 21. fxg4
fxg3 22. hxg3 Rxf1 23. Qxf1 Rf8 24. Qc1 Qxg4 25. Qe3 h5 26. Rf1 Rxf1 27. Kxf1
Qh3+ 28. Kf2 Qh2+ 29. Kf1 Qh3+ 30. Kf2 Qh2+ 1/2-1/2

[Event "37. Open Barberá del Vallés 2014"]
[Site "Barberá del Vallés ESP"]
[Date "2014.07.07"]
[Round "4.4"]
[White "Aloma Vidal, Robert"]
[Black "Ghosh, Diptayan"]
[Result "1/2-1/2"]
[WhiteElo "2406"]
[BlackElo "2468"]
[PlyCount "60"]
[EventDate "2014.07.04"]
[EventType "swiss"]
[EventRounds "9"]
[EventCountry "ESP"]
[Source "lmi"]
[SourceDate "2014.07.04"]

1. d4 d5 2. Bf4 Nf6 3. e3 c5 4. c3 Nc6 5. Nd2 cxd4 6. exd4 Bf5 7. Ngf3 e6 8.
Ne5 Nd7 9. Ndf3 Ndxe5 10. Nxe5 Bd6 11. Bb5 Qc7 12. g4 Be4 13. f3 Bg6 14. Qe2
O-O 15. h4 Bxe5 16. dxe5 h6 17. h5 Bh7 18. Bxc6 Qxc6 19. g5 hxg5 20. Bxg5 f6
21. exf6 gxf6 22. Bh6 Rf7 23. O-O-O Kh8 24. Rhg1 Rg8 25. Rxg8+ Kxg8 26. Rg1+
Kh8 27. Qg2 Qc7 28. Qf2 b5 29. Qe2 Qd7 30. Rg4 e5 1/2-1/2

[Event "37. Open Barberá del Vallés 2014"]
[Site "Barberá del Vallés ESP"]
[Date "2014.07.07"]
[Round "4.5"]
[White "Munoz Pantoja, Miguel"]
[Black "Das, Sayantan"]
[Result "1/2-1/2"]
[WhiteElo "2457"]
[BlackElo "2381"]
[PlyCount "74"]
[EventDate "2014.07.04"]
[EventType "swiss"]
[EventRounds "9"]
[EventCountry "ESP"]
[Source "lmi"]
[SourceDate "2014.07.04"]

1. e4 e6 2. d4 d5 3. Nd2 c5 4. dxc5 Bxc5 5. Nb3 Bb6 6. exd5 exd5 7. Nf3 Nf6 8.
Qe2+ Be6 9. Be3 O-O 10. O-O-O Nbd7 11. Nfd4 a5 12. a4 Re8 13. f3 Rc8 14. Qf2
Bg4 15. Bb5 Bh5 16. Rhe1 Bg6 17. c3 Re7 18. Bg5 Rxe1 19. Qxe1 h6 20. Bh4 Qf8
21. Nc2 Qd6 22. Bg3 Qe6 23. Ncd4 Bxd4 24. Nxd4 Qb6 25. Nb3 Kh7 26. Qg1 Qd8 27.
Qd4 Nf8 28. Qe5 Qb6 29. Qd4 Qd8 30. Qa7 Qe7 31. Nxa5 Ra8 32. Nc6 Qe6 33. Qxa8
bxc6 34. Qxc6 Qe3+ 35. Rd2 Qg1+ 36. Rd1 Qe3+ 37. Rd2 Qg1+ 1/2-1/2

[Event "37. Open Barberá del Vallés 2014"]
[Site "Barberá del Vallés ESP"]
[Date "2014.07.07"]
[Round "4.6"]
[White "Hernando Rodrigo, Julio Antoni"]
[Black "Saptarshi, Roy"]
[Result "0-1"]
[WhiteElo "2332"]
[BlackElo "2449"]
[PlyCount "66"]
[EventDate "2014.07.04"]
[EventType "swiss"]
[EventRounds "9"]
[EventCountry "ESP"]
[Source "lmi"]
[SourceDate "2014.07.04"]

1. d4 d5 2. Nf3 e6 3. c4 c6 4. Qc2 dxc4 5. Qxc4 Nf6 6. g3 b5 7. Qc2 Bb7 8. Bg2
Nbd7 9. O-O c5 10. dxc5 Bxc5 11. Nc3 Rc8 12. a3 O-O 13. Qd3 a6 14. Bf4 Nb6 15.
Qxd8 Rfxd8 16. Rfc1 Nc4 17. Ne5 Bxg2 18. Nxc4 Ba8 19. Nd2 Nh5 20. Nf1 Nxf4 21.
gxf4 f5 22. Rd1 Bd6 23. Rd4 e5 24. Rd2 exf4 25. Rad1 Be7 26. Rxd8+ Rxd8 27. Nd2
Kf7 28. Kf1 g5 29. Ke1 g4 30. e4 fxe3 31. fxe3 Bf6 32. Ke2 Bxc3 33. bxc3 Bf3+
0-1

[Event "37. Open Barberá del Vallés 2014"]
[Site "Barberá del Vallés ESP"]
[Date "2014.07.07"]
[Round "4.7"]
[White "Sagar, Shah"]
[Black "Mascaro March, Pedro"]
[Result "1-0"]
[WhiteElo "2314"]
[BlackElo "2417"]
[PlyCount "99"]
[EventDate "2014.07.04"]
[EventType "swiss"]
[EventRounds "9"]
[EventCountry "ESP"]
[Source "lmi"]
[SourceDate "2014.07.04"]

1. d4 Nf6 2. c4 e6 3. Nf3 d5 4. Nc3 Be7 5. Bf4 O-O 6. e3 a6 7. c5 Nh5 8. Bd3
Nc6 9. a3 Nxf4 10. exf4 Bf6 11. O-O g6 12. Ne2 Bg7 13. h4 f6 14. Bc2 e5 15.
dxe5 fxe5 16. Bb3 exf4 17. Qxd5+ Qxd5 18. Bxd5+ Kh8 19. Bxc6 bxc6 20. Ned4 Bd7
21. b4 h6 22. Rfd1 Bf6 23. Rd3 Bf5 24. Rd2 Rfe8 25. Rad1 Be4 26. Re2 Bd5 27.
Rde1 Rxe2 28. Rxe2 Kg8 29. Ne5 Re8 30. Nd7 Rxe2 31. Nxf6+ Kf7 32. Nxe2 Kxf6 33.
Nxf4 Bf7 34. f3 Ke5 35. Ne2 Kd5 36. Kf2 Kc4 37. Ke3 Kb3 38. Kd4 Kxa3 39. Kc3
Ka2 40. Nf4 Kb1 41. Nd3 Bd5 42. Ne5 g5 43. hxg5 hxg5 44. g3 Ka2 45. f4 gxf4 46.
gxf4 Be4 47. Kd4 Bd5 48. Kc3 Be4 49. Nd7 Ka3 50. Nb8 1-0

[Event "37. Open Barberá del Vallés 2014"]
[Site "Barberá del Vallés ESP"]
[Date "2014.07.07"]
[Round "4.8"]
[White "Gomez Garrido, Camilo Ernesto"]
[Black "Sardana, Rishi"]
[Result "1-0"]
[WhiteElo "2495"]
[BlackElo "2363"]
[PlyCount "101"]
[EventDate "2014.07.04"]
[EventType "swiss"]
[EventRounds "9"]
[EventCountry "ESP"]
[Source "lmi"]
[SourceDate "2014.07.04"]

1. e4 c5 2. Nf3 d6 3. d4 cxd4 4. Nxd4 Nf6 5. Nc3 a6 6. Bg5 Nbd7 7. Bc4 Qb6 8.
Bb3 e6 9. Qd2 Be7 10. O-O-O Nc5 11. f3 Qc7 12. h4 b5 13. Kb1 O-O 14. a3 Bd7 15.
g4 Rfb8 16. Bxf6 Bxf6 17. g5 Be7 18. h5 a5 19. g6 b4 20. h6 fxg6 21. hxg7 Nxb3
22. Qh6 Kf7 23. Qf4+ Bf6 24. Rxh7 Rg8 25. Ndb5 Bxb5 26. Nxb5 Qc5 27. Nxd6+ Ke7
28. cxb3 Rad8 29. Rh8 Rxh8 30. gxh8=Q Rxh8 31. Nc4 g5 32. Qg3 Rd8 33. Rxd8 Kxd8
34. Qb8+ Kd7 35. Qb7+ Ke8 36. a4 Qd4 37. Ka2 Kf8 38. Qa8+ Kg7 39. Qxa5 Qd3 40.
e5 Be7 41. Qc7 Kf8 42. Qc6 Qd5 43. Qc8+ Kf7 44. a5 Bc5 45. a6 Kg6 46. Qc7 Qd4
47. Qb7 Qf2 48. Qe4+ Kg7 49. Qg4 Kf7 50. Qh5+ Kf8 51. Qh6+ 1-0

[Event "37. Open Barberá del Vallés 2014"]
[Site "Barberá del Vallés ESP"]
[Date "2014.07.07"]
[Round "4.9"]
[White "Cruz, Jonathan"]
[Black "Sos Andreu, Eric"]
[Result "1-0"]
[WhiteElo "2471"]
[BlackElo "2345"]
[PlyCount "45"]
[EventDate "2014.07.04"]
[EventType "swiss"]
[EventRounds "9"]
[EventCountry "ESP"]
[Source "lmi"]
[SourceDate "2014.07.04"]

1. c4 c5 2. g3 Nc6 3. Bg2 g6 4. Nc3 Bg7 5. a3 e6 6. b4 cxb4 7. axb4 Nxb4 8. Ba3
Nc6 9. Nb5 Nge7 10. Bd6 Be5 11. Bxc6 Nxc6 12. Nc7+ Qxc7 13. Bxc7 Bxc7 14. Nf3
d5 15. h4 dxc4 16. h5 b5 17. hxg6 fxg6 18. Qb1 Rb8 19. Qe4 Bd7 20. Ra6 Rb6 21.
Rxb6 Bxb6 22. Ng5 Nd4 23. Nxh7 1-0

[Event "37. Open Barberá del Vallés 2014"]
[Site "Barberá del Vallés ESP"]
[Date "2014.07.07"]
[Round "4.10"]
[White "Gomez Ledo, Roberto Carlos"]
[Black "Leroy, Didier"]
[Result "1-0"]
[WhiteElo "2429"]
[BlackElo "2319"]
[PlyCount "81"]
[EventDate "2014.07.04"]
[EventType "swiss"]
[EventRounds "9"]
[EventCountry "ESP"]
[Source "lmi"]
[SourceDate "2014.07.04"]

1. d4 Nf6 2. c4 c6 3. Nf3 d6 4. Nc3 Bf5 5. Nh4 Bg6 6. Nxg6 hxg6 7. e4 e5 8. Be3
Be7 9. Be2 Nbd7 10. Qc2 Nh7 11. Qb3 Qb6 12. d5 c5 13. Qxb6 Nxb6 14. h4 f5 15.
g3 Nf6 16. b3 a5 17. Bd3 f4 18. gxf4 Ng4 19. Ke2 a4 20. fxe5 Nxe3 21. Kxe3 dxe5
22. Rab1 Bxh4 23. Ke2 g5 24. b4 Nd7 25. a3 O-O 26. Rh2 cxb4 27. axb4 Nf6 28. c5
Ng4 29. Rg2 Nxf2 30. Bc4 Kh7 31. b5 g4 32. c6 a3 33. d6 a2 34. Nxa2 bxc6 35.
bxc6 Nxe4 36. Rxg4 Ng3+ 37. Rxg3 Bxg3 38. Rh1+ Kg6 39. Rg1 Ra3 40. c7 e4 41. d7
1-0

[Event "37. Open Barberá del Vallés 2014"]
[Site "Barberá del Vallés ESP"]
[Date "2014.07.07"]
[Round "4.11"]
[White "Larsen, Karsten"]
[Black "Lorenzo De La Riva, Lazaro"]
[Result "0-1"]
[WhiteElo "2265"]
[BlackElo "2426"]
[PlyCount "94"]
[EventDate "2014.07.04"]
[EventType "swiss"]
[EventRounds "9"]
[EventCountry "ESP"]
[Source "lmi"]
[SourceDate "2014.07.04"]

1. e4 e6 2. d3 d5 3. Nd2 c5 4. Ngf3 Nc6 5. g3 Bd6 6. Bg2 Nge7 7. O-O O-O 8. a4
Bc7 9. Re1 b6 10. b3 d4 11. Nh4 e5 12. Nf1 Be6 13. Nf5 Qd7 14. Nxe7+ Nxe7 15.
f4 Bg4 16. Qd2 f6 17. f5 Bh5 18. g4 Bf7 19. h4 Kh8 20. Ng3 a6 21. Kh2 b5 22. g5
c4 23. bxc4 bxc4 24. Rg1 cxd3 25. cxd3 Bb3 26. Nh5 Ng8 27. Bf3 Rac8 28. gxf6
gxf6 29. Bd1 Bxd1 30. Qxd1 Bd6 31. Bd2 Rb8 32. Rg7 Rf7 33. Rg2 Ne7 34. Bh6 Rg8
35. Raa2 Ng6 36. fxg6 hxg6 37. Ng7 Rfxg7 38. Bxg7+ Qxg7 39. Qg4 Qh6 40. Rab2
Qf4+ 41. Kh3 Qf1 42. Qe2 Qh1+ 43. Rh2 Qc1 44. Rb6 Be7 45. Rxa6 Qc8+ 46. Qg4
Qxa6 47. Qf3 Qe6+ 0-1

[Event "37. Open Barberá del Vallés 2014"]
[Site "Barberá del Vallés ESP"]
[Date "2014.07.07"]
[Round "4.12"]
[White "Ramirez Garcia, Jorge Alberto"]
[Black "Palit, Somak"]
[Result "1-0"]
[WhiteElo "2260"]
[BlackElo "2411"]
[PlyCount "101"]
[EventDate "2014.07.04"]
[EventType "swiss"]
[EventRounds "9"]
[EventCountry "ESP"]
[Source "lmi"]
[SourceDate "2014.07.04"]

1. e4 d5 2. exd5 Qxd5 3. Nf3 Nf6 4. Be2 Bf5 5. d4 e6 6. O-O c6 7. c4 Qd8 8. Nc3
Bd6 9. Re1 O-O 10. Nh4 Bg6 11. g3 Nbd7 12. f4 Ne4 13. Bf3 Nxc3 14. bxc3 Qc7 15.
a4 Rfd8 16. Qe2 Nf8 17. c5 Be7 18. f5 Bxh4 19. fxg6 Bf6 20. Bf4 Qd7 21. gxf7+
Qxf7 22. Bg4 Re8 23. Bd6 e5 24. dxe5 Bg5 25. e6 Qf6 26. e7 Ng6 27. h4 Bh6 28.
Qe6+ Kh8 29. Qxf6 gxf6 30. Rad1 Bg7 31. Bd7 h5 32. Kg2 Kg8 33. Bxe8 Rxe8 34.
Rb1 f5 35. Rxb7 Bxc3 36. Rc1 Bf6 37. Rxa7 f4 38. Bxf4 Bxh4 39. gxh4 Nxf4+ 40.
Kf3 Ng6 41. Rg1 Kf7 42. Rg5 Nxh4+ 43. Kg3 Ng6 44. Rxh5 Ke6 45. Rh6 Kf5 46. Rh7
Ne5 47. a5 Ke6 48. a6 Nd3 49. Rh6+ Kd5 50. Rd6+ Kc4 51. Rd8 1-0